TVORBA MLIEČNEHO TUKU U PREŽÚVAVCOV

Bibliographic Details
Main Author: Lukáčová, O. (Author)
Format: Article
Language:Slovak

MARC

LEADER 00000nab a2200000uu 4500
001 vtls011156331
003 SK-MaSNL
005 20260303121623.0
008 230131|1956 xo |||||||||||||||||slo|
015 |a SNBRB 
035 |a (urnnbn)urn:nbn:sk:snk:ar-a0ab6l 
035 |a (uuid)0d602932-2572-4114-a1d7-16471d2c9ba3 
035 |a urn:nbn:sk:snk-abb4n0 
040 |a SNKBUCL  |b slo  |c SNKBUCL  |e AACR2 
041 0 |a slo 
044 |a xo  |c SK 
100 1 |a Lukáčová, O.  |4 aut  |9 1135363 
245 1 0 |a TVORBA MLIEČNEHO TUKU U PREŽÚVAVCOV  |c O. Lukáčová 
773 0 |t Poľnohospodárstvo : časopis pre poľnohospodárske vedy  |g Roč. 3, č. 2 (1956), s. 281-282 
954 |a odborná, vedecká literatúra pôvodná (slovenská)  |2 lita 
958 |a OND 
958 |a EUIPO 
958 |a article14 
999 |c 1916713  |d 1918643